书目信息 |
| 题名: |
毛泽东像章收藏图鉴
|
|
| 作者: | 黄淼鑫 收藏 | |
| 分册: | ||
| 出版信息: | 北京 北京出版社 1993 |
|
| 页数: | 431页 | |
| 开本: | 27cm | |
| 丛书名: | ||
| 单 册: | ||
| 中图分类: | J526.4-64 , A756 , A756 | |
| 科图分类: | ||
| 主题词: | 像章--图集 , 毛泽东--生平事迹 , 毛泽东--传记 | |
| 电子资源: | ||
| ISBN: | 7-200-02074-5 | |
| 000 | 01181nam0 2200325 45 | |
| 001 | 1539264367 | |
| 005 | 20170928083413.23 | |
| 009 | TLS9400709 | |
| 010 | @a7-200-02074-5@b精装@dCNY350.00 | |
| 100 | @a19940326d1993 em y0chiy0120 ea | |
| 101 | 0 | @achi@aeng |
| 102 | @aCN@b110000 | |
| 105 | @aa z 000yy | |
| 200 | 1 | @a毛泽东像章收藏图鉴@AMao Ze Dong Xiang Zhang Shou Cang Tu Jian@f《毛泽东像章收藏图鉴》编辑委员会@F《Mao Ze Dong Xiang Zhang Shou Cang Tu Jian 》Bian Ji Wei Yuan Hui |
| 210 | @a北京@c北京出版社@d1993 | |
| 215 | @a431页@c图@d27cm | |
| 300 | @a本书主要收藏家:黄淼鑫。 | |
| 300 | @a封面并列题名为: Pictorial handbook of coloured badge patterns of Mao Zedong。 | |
| 330 | @a本书收录有1937-1965年、1966-1976年、1977-1993年3个历史阶段的毛泽东像章图鉴约5000种。 | |
| 510 | 1 | @aPictorial handbook of coloured badge patterns of Mao Zedong@zeng |
| 600 | 0 | @a毛泽东,@f1893-1976@x像章@x图集 |
| 606 | @a像章@x图集 | |
| 606 | 0 | @a毛泽东@x生平事迹 |
| 606 | 0 | @a毛泽东@x传记 |
| 690 | @aJ526.4-64@v3 | |
| 690 | @aA756@v3 | |
| 690 | @aA756@v4 | |
| 701 | 0 | @a黄淼鑫@AHuang Miao Xin@4收藏 |
| 801 | 0 | @aCN@bTSSF@c20150118 |
| 905 | @aZUCC@dA756@eJY31 | |
| 毛泽东像章收藏图鉴/《毛泽东像章收藏图鉴》编辑委员会.-北京:北京出版社,1993 |
| 431页:图;27cm |
| 本书主要收藏家:黄淼鑫。.-封面并列题名为: Pictorial handbook of coloured badge patterns of Mao Zedong。 |
| ISBN 7-200-02074-5(精装):CNY350.00 |
| 本书收录有1937-1965年、1966-1976年、1977-1993年3个历史阶段的毛泽东像章图鉴约5000种。 |
| ● |
| 相关链接 |
|
|
|
|
正题名:毛泽东像章收藏图鉴
索取号:A756/JY31
 
预约/预借
| 序号 | 登录号 | 条形码 | 馆藏地/架位号 | 状态 | 备注 |
| 1 | 7853622 | 278536229 | 学院路分馆/ [索取号:A756/JY31] | 在馆 |